000 00834nmm a2200301 a 4500
003 AR-BaBNM
005 20251128211025.0
008 112020s1982 ||||||||||||||000 | spa||
020 _a84-309-0875-7
040 _cAR-BaBNM
245 1 0 _aCorrientes de la investigación en las ciencias sociales
_n3
260 _aMadrid
_bTecnos
_bUNESCO
_c1982
300 0 _a620 p.
504 _aContiene: anexo bibliográfico del capítulo III en p.617
650 4 _aARTE
650 4 _aESTETICA
650 4 _aINVESTIGACION EN CIENCIAS SOCIALES
650 4 _aCIENCIAS SOCIALES
650 4 _aHISTORIA DEL ARTE
650 4 _aDERECHO
650 4 _aCIENCIAS JURIDICAS
650 4 _aINVESTIGACION JURIDICA
653 0 _aFILOSOFIA DEL ARTE
700 1 _aDufrenne, Mikel
700 1 _aKnapp, Viktor
942 _cBK
998 _calicia
999 _c17933
_d17933